The power of entrepreneurship / (Record no. 1709)

MARC details
000 -LEADER
fixed length control field 01542cam a2200421 i 4500
001 - CONTROL NUMBER
control field data
005 - DATE AND TIME OF LATEST TRANSACTION
control field 20260322212114.0
006 - FIXED-LENGTH DATA ELEMENTS--ADDITIONAL MATERIAL CHARACTERISTICS
fixed length control field data
007 - PHYSICAL DESCRIPTION FIXED FIELD--GENERAL INFORMATION
fixed length control field data
008 - FIXED-LENGTH DATA ELEMENTS--GENERAL INFORMATION
fixed length control field data
035 ## - SYSTEM CONTROL NUMBER
System control number 21589682
010 ## - LIBRARY OF CONGRESS CONTROL NUMBER
LC control number 2020685913
020 ## - INTERNATIONAL STANDARD BOOK NUMBER
International Standard Book Number 9781536151152
Qualifying information ebook
020 ## - INTERNATIONAL STANDARD BOOK NUMBER
Canceled/invalid ISBN 1536151149
Qualifying information hardcover
020 ## - INTERNATIONAL STANDARD BOOK NUMBER
Canceled/invalid ISBN 9781536151145
Qualifying information hardcover
040 ## - CATALOGING SOURCE
Original cataloging agency DLC
Language of cataloging eng
Description conventions rda
Transcribing agency DLC
Modifying agency DLC
042 ## - AUTHENTICATION CODE
Authentication code pcc
050 00 - LIBRARY OF CONGRESS CALL NUMBER
Classification number HB615
082 04 - DEWEY DECIMAL CLASSIFICATION NUMBER
Classification number 658.4/21
Edition information 23
245 04 - TITLE STATEMENT
Title The power of entrepreneurship /
Statement of responsibility, etc. Daan Dirksen, editor.
264 #1 - PRODUCTION, PUBLICATION, DISTRIBUTION, MANUFACTURE, AND COPYRIGHT NOTICE
Place of production, publication, distribution, manufacture New York :
Name of producer, publisher, distributor, manufacturer Nova Science Publishers, Inc.,
Date of production, publication, distribution, manufacture, or copyright notice [2019]
300 ## - PHYSICAL DESCRIPTION
Extent 1 online resource
336 ## - CONTENT TYPE
Content type term text
Content type code txt
Source rdacontent
337 ## - MEDIA TYPE
Media type term computer
Media type code c
Source rdamedia
338 ## - CARRIER TYPE
Carrier type term online resource
Carrier type code cr
Source rdacarrier
490 1# - SERIES STATEMENT
Series statement Business issues, competition and entrepreneurship
504 ## - BIBLIOGRAPHY, ETC. NOTE
Bibliography, etc. note Includes bibliographical references and index.
588 ## - SOURCE OF DESCRIPTION NOTE
Source of description note Description based on print version record and CIP data provided by publisher.
650 #0 - SUBJECT ADDED ENTRY--TOPICAL TERM
Topical term or geographic name entry element Entrepreneurship.
650 #7 - SUBJECT ADDED ENTRY--TOPICAL TERM
Topical term or geographic name entry element Entrepreneurship.
Source of heading or term fast
Authority record control number or standard number (OCoLC)fst00912787
700 1# - ADDED ENTRY--PERSONAL NAME
Personal name Dirksen, Daan,
Relator term editor.
776 08 - ADDITIONAL PHYSICAL FORM ENTRY
Relationship information Print version:
Title The power of entrepreneurship
Place, publisher, and date of publication New York : Nova Science Publishers, Inc., [2019]
International Standard Book Number 1536151149
Record control number (DLC) 2018275489
830 #0 - SERIES ADDED ENTRY--UNIFORM TITLE
Uniform title Business issues, competition and entrepreneurship series.
906 ## - LOCAL DATA ELEMENT F, LDF (RLIN)
a 7
b cbc
c origcop
d 1
e ecip
f 20
g y-gencatlg
925 0# -
-- acquire
-- ecip ebook
-- policy default
955 ## - COPY-LEVEL INFORMATION (RLIN)
-- hf07 2020-07-14 book rec'd for TW Situational
985 ## -
-- LC online resource
-- 2020-06-25
Holdings
Withdrawn status Lost status Damaged status Not for loan Home library Current library Shelving location Date acquired Total checkouts Full call number Barcode Date last seen Price effective from Koha item type
        Springfield Springfield General stacks 22/03/2026   658.4/21 LOC-SPL-00052 22/03/2026 22/03/2026 Books